Bhora. (Record no. 73954)

MARC details
000 -LEADER
fixed length control field 00644cam a22002411 4500
001 - CONTROL NUMBER
control field sa 67003647
003 - CONTROL NUMBER IDENTIFIER
control field DLC
005 - DATE AND TIME OF LATEST TRANSACTION
control field 20260227112339.0
008 - FIXED-LENGTH DATA ELEMENTS--GENERAL INFORMATION
fixed length control field 850406s1966 ii 000 1 benx
010 ## - LIBRARY OF CONGRESS CONTROL NUMBER
LC control number sa 67003647
020 ## - INTERNATIONAL STANDARD BOOK NUMBER
Terms of availability Rs6.00
025 ## - OVERSEAS ACQUISITION NUMBER
Overseas acquisition number PL480:I-B-2780
035 ## - SYSTEM CONTROL NUMBER
System control number (OCoLC)13888100
040 ## - CATALOGING SOURCE
Original cataloging agency DLC
Transcribing agency NN
Modifying agency DLC
042 ## - AUTHENTICATION CODE
Authentication code premarc
050 00 - LIBRARY OF CONGRESS CALL NUMBER
Classification number PK1730.14.A8356
Item number B5
100 1# - MAIN ENTRY--PERSONAL NAME
Personal name Bhattacharya, Lokenath,
Dates associated with a name 1927-2001.
245 10 - TITLE STATEMENT
Title Bhora.
Statement of responsibility, etc. [Lekhaka] Lokanātha Bhaṭṭācārya.
260 ## - PUBLICATION, DISTRIBUTION, ETC.
Place of publication, distribution, etc. Kalikātā,
Name of publisher, distributor, etc. Beṅgala Pābaliśārsa
Date of publication, distribution, etc. [1966]
300 ## - PHYSICAL DESCRIPTION
Extent 219 p.
Dimensions 22 cm.
500 ## - GENERAL NOTE
General note In Bengali.
500 ## - GENERAL NOTE
General note A novel.

No items available.

Powered by Koha